00953nam a2200301 i 4500001000400000100002000004245008500024250001900109260004900128300003000177490002000207650002600227650002700253650001800280700002000298700001800318700002000336830002000356020002100376040000800397041000800405920002300413942000700436008004100443999001700484856009800501952005200599bgj1 aLAWRENCE, D. H.10aBritish and American short stories /cD. H. Lawrence ; Retold by G. C. Thornley. a[2nd impres.]. aHarlow :bPearnson Education Limited,c2000. aVII, 78, [1] pp ;c20 cm.1 aPenguin Readers 9aBritish short stories 9aAmerican short stories 9aShort stories1 aTHORNLEY, G. C.1 aHOPKINS, Andy1 aPOTTER, Jocelyn aPenguin Readers a0582419247 (pbk) cBPK0 aeng a0582-41924-7 (pbk) cKS s uk f |000 0 eng  c48307d48307 uhttp://koha.tu.koszalin.pl/cgi-bin/koha/opac-detail.pl?biblionumber=48307yKatalog online BPK 00104070aBPKbBPKckwoKA 5549p09086609yKS